000
00312nam a2200121Ia 4500
008
220204s9999 xx 000 0 und d
082
_a
82-34(545.2HAR)
_b
FOL
100
_a
Indu Roy Chaudhury
245
0
_a
Folk tales of Haryana
260
_a
New Delhi
_b
Sterling
_c
1978
700
_a
Veena Srivastava
942
_c
BK
999
_c
32484
_d
32484